00729nam a2200181 a 450000100100000000500170001000800410002702000180006804000250008624501260011126000280023730000340026549000290029971000610032883000360038995201050042599900170053000004324420250909091242.0140303s2009 000 spa d a9788483470985 aDO-SdBNPbSpacBNPHU00aComo evaluar proyectos de cultura para el desarrollo : /cuna aproximacion metodologica a la construccion de indicadores. aMadrid :bAECID,c2009. a366 p. :bil., + CD ;c23 cm.1 aCultura y desarrollov092 aAgencia Española de Cooperación Internacional934585 0aCultura y desarrollov09970846 001050718MOaGRbGRcCTd2014-03-03iLF1l0o p43244-10r2020-06-25w2020-06-25y1ZNo se presta c42733d42733